Trinta por uma linha (Registo nº 4514)

Detalhes MARC
000 -Etiqueta do registo
Cabeçalho 00774nam0a2200277 4500
005 - Identificador da versão
Campo de controlo 20240813122104.0
010 ## - Número internacional normalizado dos livros (ISBN)
Número (ISBN) 9789892328881
021 ## - Número do Depósito Legal
Código do país PT
Número 393712/15
100 ## - Dados gerais de processamento
Dados gerais de processamento 20161103d2015 cd y0pory50030103ba
102 ## - Pais de publicação ou produção
País de publicação Portugal
101 0# - Língua de publicação
Língua do texto, banda sonora, etc. Português
215 ## - Descrição física 
Indicação específica da natureza do documento e extensão da espécie 108 p.
Outras indicações físicas il. color
200 1# - Titulo e menção de responsabilidade
Título próprio Trinta por uma linha
Primeira menção de responsabilidade António Torrado
Outras menções de responsabilidade il. Cristina Malaquias
205 ## - Menção da edição
Menção da edição 2ª ed
210 ## - Publicação, Distribuição, etc. 
Lugar da edição, distribuição, etc. Alfragide
Nome do editor, distribuidor, etc. ASA
Data da publicação, distribuição, etc. 2015
300 ## - Notas gerais 
Texto da nota Metas Curriculares
Texto da nota PNL
606 ## - Nome comum usado como assunto
Número de registo de entrada de autoridade 0001335
Palavra de ordem Literatura portuguesa
Subdivisão de assunto Conto
Código do sistema CA
675 ## - Classificação Decimal Universal (CDU)
Notação 821.134.3-34
Edição 3ª ed.
Língua da edição por
702 #1 - Nome de autor-pessoa física (responsabilidade secundária)
Número de registo de entrada de autoridade 0001353
Palavra de ordem Malaquias
Outra parte do nome não tomada para palavra de ordem Cristina
Código de função Ilustrador / Técnico de desenho computorizado
700 #1 - Nome de autor-pessoa física (responsabilidade principal)
Número de registo de entrada de autoridade 0000033
Palavra de ordem Torrado
Outra parte do nome não tomada para palavra de ordem António
Datas 1939-
966 ## - Identificação da Biblioteca
Sigla EBVEN
942 ## - Elementos de entrada adicionados (Koha)
Tipo de item no Koha Livro
Exemplares
Situação do levantamento Origin of item (home branch) (coded) Biblioteca de empréstimo Código de barras Cota Circulation type (not for loan) Tipo de documento Nota do exemplar Damaged status
  Biblioteca Escolar das Vendas Biblioteca Escolar das Vendas BEV2538 8POR TOR MET PNL   Livro Sem mensagem